00516pab a2200181 454500008004000000100001800040245003900058260000900097300001300106362001100119650001400130650001400144773003400158908000600192909001100198999001900209952010600228180718b2014 xxu||||| |||| 00| 0 eng d aKrishna Kumar aRurality, modernity, and education c2014 ap.38-43. a31 May aModernism aEducation aEconomic and Political Weekly aN a104434 c104430d104430 00104070aIIPAbIIPAd2018-07-19hVolume no: 49, Issue no: 22pAR104894r2018-07-19w2018-07-19yAR